Vnútropodnikové smernice. Zásady pre časové rozlíšenie nákladov a výnosov

Obsah smernice s komentármi.

Na minha lista:
Detalhes bibliográficos
Autor principal: Meluchová, Jitka, 1965-
Formato: Capítulo de Livro
Idioma:eslovaco
Assuntos:
Tags: Adicionar Tag
Sem tags, seja o primeiro a adicionar uma tag!

MARC

LEADER 00000nla$a2200000$$$4500
001 0051237
005 20240502071609.4
041 0 |a slo 
044 |a SK 
245 1 0 |a Vnútropodnikové smernice. Zásady pre časové rozlíšenie nákladov a výnosov  |c Jitka Meluchová 
520 |a Obsah smernice s komentármi. 
610 2 0 |a účtovníctvo vnútropodnikové 
610 2 0 |a smernice 
610 2 0 |a náklady 
610 2 0 |a výnosy 
100 1 |a Meluchová, Jitka, 1965-